| 000 | 00783cab a2200253 4500 | ||
|---|---|---|---|
| 001 | ABS29714 | ||
| 008 | 090401t1982 xxu||||| |||| 00| 0 eng d | ||
| 035 | _a(Sirsi) u54879 | ||
| 041 | _aeng | ||
| 100 | _aSmith, L. | ||
| 245 | _aMonitoring American construction costs | ||
| 260 | _c1982 | ||
| 350 | _a0 | ||
| 490 |
_aChartered Quantity Surveyor _v4(9) April 1982, 276-277(2) |
||
| 520 | _aA response to the article by Gordon Hunt (A414) by the senior partner of MDA Monk Dunstone Associates of Alexandria, Virginia, USA. | ||
| 650 | _aCONSTRUCTION INDUSTRY | ||
| 650 | _aQUANTITY SURVEYORS | ||
| 650 | _aUNITED STATES | ||
| 690 | _aBUILT ENVIRONMENT | ||
| 690 | _aOVERSEAS-NORTH AMERICA | ||
| 690 |
_aQuantity surveying _96263 |
||
| 942 | _n0 | ||
| 948 | _c04/03/1997 | ||
| 999 |
_c33621 _d33621 |
||